000 00563nam a2200181Ia 4500
008 100920s9999 xx 000 0 und d
082 _b744
_a491.462 थ 51
100 _aकाणेकर अनंत.
245 _aपतंगाची दोरी.
260 _bललित साहित्य प्रकाशन.
_c1951
300 _a88
_bसाधी
365 _b1
520 _aनाटक.
630 _aपतंगाची दोरी.
650 _aनाटक.
730 _aपतंगाची दोरी.
942 _cBOOK
999 _c671673
_d671670